000
00340 a2200169 4500
001
189066
020
_a
978-85-377-1302-0
040
_c
Magnum
100
_a
Novais, Vera
240
1
0
_a
Química 2
_l
por
245
1
0
_a
Química 2
300
_a
96
362
0
_a
2010
440
1
_a
Escala Educacional
697
_a
QUÍMICA
942
_c
BK
999
_c
189066
_d
189066